| 000 | 00999nam a2200265Ia 4500 | ||
|---|---|---|---|
| 003 | OSt | ||
| 005 | 20220923211828.0 | ||
| 006 | a|||||r|||| 00| 0 | ||
| 007 | ta | ||
| 008 | 220922b |||||||| |||| 00| 0 hin d | ||
| 024 | _a59,096 | ||
| 037 | _cTextual | ||
| 040 |
_aARTS _cARTS _bhin |
||
| 041 |
_2hin _ahin |
||
| 082 | _aQ142:22, 152K4 | ||
| 100 |
_aब्लुमफील्ड, एम0 _9161564 |
||
| 245 | 0 | _aअथर्ववेद एवं गोपथ ब्र्राह्मण, सूर्यकान्त अनु | |
| 246 | _aAtharvaved evan gopath brrāhmaṇa, sūryakānta anu0 | ||
| 260 |
_aवाराणसी _b चौखम्बा संस्कृत सीरीज _c1964 |
||
| 300 |
_a298पृ. _ccm. |
||
| 490 | _aकाशी संस्कृत ग्रन्थमाला; 16 | ||
| 650 | _aधर्म | ||
| 942 |
_hQ142:22, 152K4 _cTEXL _2CC |
||
| 999 |
_c304006 _d304006 |
||